Germany 2006 World Cup - Statistics

General Stats
  • This quiz has been taken 123 times
  • The average score is 26 of 32
Answer Stats
TEAM % Correct
Germany
98%
Spain
98%
England
97%
Brazil
96%
Italy
96%
Portugal
96%
Argentina
95%
France
95%
Japan
95%
USA
94%
Mexico
92%
Australia
90%
Poland
89%
Sweden
89%
South Korea
86%
Netherlands
85%
Ghana
83%
Switzerland
78%
Ecuador
77%
Costa Rica
75%
Croatia
75%
Ukraine
74%
Ivory Coast
73%
Serbia and Montenegro
72%
Paraguay
71%
Iran
70%
Saudi Arabia
63%
Czech Republic
60%
Togo
59%
Tunisia
59%
Angola
53%
Trinidad and Tobago
45%
No matching quizzes found
Score Distribution
Percent of People with Each Score
Percentile by Number Answered
Your Score History
You have not taken this quiz